| 000 | 00422nam a2200181Ia 4500 | ||
|---|---|---|---|
| 001 | 3674 | ||
| 005 | 20260306145700.0 | ||
| 008 | 260306t1998||||xx |||||||||||||| ||spa|| | ||
| 041 | _aESP | ||
| 082 |
_a301.1 _bR67 |
||
| 100 |
_aRitzer, George _eAUT |
||
| 245 | 0 | _aTeoría sociológica clásica | |
| 260 | _c1998 | ||
| 300 |
_axx, 552 páginas : _c24 cm. |
||
| 650 | _aGEN | ||
| 654 | _aCHU | ||
| 942 |
_cLIB _dJUS _fJUS _2ddc _n |
||
| 999 |
_c3674 _d3674 |
||